Economic theory and practice in the Asian setting. V 2. Microeconomics (Record no. 23677)

MARC details
000 -LEADER
fixed length control field 00323nam a2200109Ia 4500
082 ## - DEWEY DECIMAL CLASSIFICATION NUMBER
Classification number 330.101.542
Item number COM.2
245 #0 - TITLE STATEMENT
Title Economic theory and practice in the Asian setting. V 2. Microeconomics
260 ## - PUBLICATION, DISTRIBUTION, ETC. (IMPRINT)
Place of publication Delhi
Name of publisher Wiley eastern
Year of publication 1975
650 ## - SUBJECT ADDED ENTRY--TOPICAL TERM
Topical Term Microeconomics
942 ## - ADDED ENTRY ELEMENTS (KOHA)
Koha item type Books
Holdings
Withdrawn status Lost status Damaged status Not for loan Home library Current library Date acquired Full call number Accession Number Koha item type
        RRII Library RRII Library 16/12/2021 330.101.542 COM.2 04375 Books